000 00544cam a2200193ua 4500
001 5048
005 20260515113828.0
008 120303n ii |||gr||||Z||||||eng
020 _a0-14-028263-7
040 _cMAIN
082 _a823
100 _aForster, E.M.,
_dE.M. Forster(1879-1970),
_eAuthor.,
_q(Edward Morgan Forster).
245 1 1 _aA room with a view
_cby E.M. Forster
250 _a1st rep. /
_bReprinted in Penguin books.
260 _aNew Delhi:
_bPenguin books,
_c1990.
300 _a211p.
653 _aEnglish novel
942 _cBK
999 _c4228
_d4228